000
00306nam a22001337a 4500
008
171025b xxu||||| |||| 00| 0 eng d
020
_a
0070431868
041
_a
eng
080
_2
2ND
_a
331
100
_a
55
101
_a
STA
245
_a
MULTIVARIATE STATISTICAL METHODS
_c
MORRISON,D.F
942
_2
udc
_c
BK
999
_c
35947
_d
35947